MARC

LEADER 00000nam0a2200000 4500
001 184393
005 20231031172224.0
035 |a (RuTPU)RU\TPU\book\199973 
090 |a 184393 
100 |a 20100907d1936 m y0rusy50 ca 
101 1 |a rus  |c ger 
102 |a RU 
105 |a a z 001zy 
200 1 |a Движение жидкостей в трубах  |e пер. с нем.  |f Л. Шиллер 
210 |a Москва  |c Научтехлитиздат  |d 1936  |a Ленинград 
215 |a 230 с.  |c ил. 
320 |a Библиогр. в конце ст. 
610 1 |a жидкости 
610 1 |a движение в трубах 
610 1 |a закон подобия Рейнольдса 
610 1 |a ламинарное течение 
610 1 |a турбулентное течение 
675 |a 532.542  |v 3 
700 1 |a Шиллер  |b Л. 
801 1 |a RU  |b 63413507  |c 20100907 
801 2 |a RU  |b 63413507  |c 20100917  |g RCR 
942 |c BK